000 00427nam a2200169Ia 4500
008 221030s9999 xx 000 0 und d
020 _a8131702324
041 _aEnglish
082 _a105.23
_bBoo
100 _aG. Booch
245 0 _aObject - Oriented Analysis & Design with Applications
_cby G. Booch
250 _a2nd
260 _bPearson Education
_aDelhi
_c2006
300 _a547
650 _aBE Computer
942 _cBK
999 _c2857
_d2857